[Event "4NCL Div 1a 2018-19"]
[Site "Daventry ENG"]
[Date "2018.11.10"]
[Round "1.3"]
[Board "6"]
[White "Duggan, Christopher"]
[Black "Cooper, Lawrence H"]
[Result "0-1"]
[BlackTitle "IM"]
[WhiteElo "2012"]
[BlackElo "2331"]
[WhiteTeam "Oxford"]
[BlackTeam "Wood Green"]
[WhiteFideId "413259"]
[BlackFideId "401536"]
[EventDate "2018.11.10"]

1. e4 e5 2. Nf3 Nc6 3. Bb5 a6 4. Ba4 Nf6 5. d3 b5 6. Bb3 Be7 7. c3 d6 8. Nbd2
Na5 9. Bc2 c5 10. O-O O-O 11. a4 Be6 12. d4 Qc7 13. d5 Bd7 14. Ne1 c4 15. h3 g6
16. g4 Ne8 17. Kh2 Ng7 18. Rg1 Nb7 19. Qf3 Nc5 20. axb5 axb5 21. Rxa8 Rxa8 22.
Qg3 Bg5 23. Ng2 Ra1 24. f4 exf4 25. Nxf4 Bf6 26. Nf3 Ne8 27. Ne2 b4 28. Be3 Ra2
29. cxb4 Na6 30. Bd4 Nxb4 31. Rc1 Bxd4 32. Nfxd4 Nxc2 33. Rxc2 Qb6 34. Qc3 Ba4
35. Qxc4 Bxc2 36. Qxa2 Bxe4 37. Qa4 Kf8 38. Ne6+ fxe6 39. Qxe4 e5 40. Qf3+ Ke7
41. b3 Qc5 42. g5 Qc2 43. Kg3 Qd2 44. h4 Qe1+ 45. Kh3 Qd1 46. Kg3 Nc7 47. Qf6+
Kd7 48. Qf7+ Kc8 49. Kf2 Nxd5 50. Qg8+ Kc7 51. Qxh7+ Kc6 52. Qxg6 Qxe2+ 53. Kxe2
Nf4+ 54. Kf3 Nxg6 55. h5 Ne7 56. h6 Kd5 57. Kg4 Ke6 58. b4 d5 59. b5 d4 60. h7
Ng6 61. b6 d3 62. Kf3 Kd6 63. Ke4 d2 64. Kf5 Nh8 65. g6 d1=Q 66. g7 Qh5+ 0-1

[Event "4NCL Div 1a 2018-19"]
[Site "Daventry ENG"]
[Date "2018.11.10"]
[Round "1.4"]
[Board "2"]
[White "Palliser, Richard J D"]
[Black "Oyama, Akito"]
[Result "1/2-1/2"]
[WhiteTitle "IM"]
[WhiteElo "2411"]
[BlackElo "2203"]
[WhiteTeam "White Rose"]
[BlackTeam "North East England"]
[WhiteFideId "407372"]
[BlackFideId "7001630"]
[EventDate "2018.11.10"]

1. d4 e6 2. c4 f5 3. g3 Nf6 4. Bg2 Bb4+ 5. Nd2 O-O 6. Nf3 d6 7. O-O Bxd2 8. Qxd2
Qe7 9. b4 Bd7 10. Bb2 Ne4 11. Qc2 Nc6 12. a3 d5 13. Rad1 Be8 14. Ne1 Nd8 15.
cxd5 exd5 16. Nd3 Bb5 17. Rfe1 Nf7 18. a4 Be8 19. Qb3 c6 20. b5 Nfd6 21. bxc6
Nc4 22. cxb7 Rb8 23. Nc5 Bc6 24. Ba3 Nxa3 25. Qxa3 Rxb7 26. Qe3 Rc7 27. Rc1 Qd6
28. Qf4 Qxf4 29. gxf4 Rfc8 30. Nxe4 dxe4 31. Rc5 Bd7 32. Ra5 Rc4 33. Rxa7 Bxa4
34. d5 Rd8 35. e3 Rxd5 36. Bf1 Rb4 37. Rc1 Rd7 38. Rxa4 1/2-1/2

[Event "4NCL Div 1a 2018-19"]
[Site "Daventry ENG"]
[Date "2018.11.10"]
[Round "1.4"]
[Board "3"]
[White "Moreby, James"]
[Black "Adair, James R"]
[Result "1/2-1/2"]
[BlackTitle "IM"]
[WhiteElo "2100"]
[BlackElo "2474"]
[WhiteTeam "North East England"]
[BlackTeam "White Rose"]
[WhiteFideId "427756"]
[BlackFideId "406252"]
[EventDate "2018.11.10"]

1. d4 Nf6 2. c4 e6 3. Nc3 Bb4 4. e3 O-O 5. Ne2 d5 6. a3 Be7 7. cxd5 exd5 8. Nf4
c6 9. Bd3 Re8 10. O-O Bd6 11. f3 Bxf4 12. exf4 b6 13. f5 Ba6 14. g4 Nfd7 15. Bf4
Bxd3 16. Qxd3 b5 17. Rae1 Rxe1 18. Rxe1 Nb6 19. Bc7 Qc8 20. Bxb6 axb6 21. Re7
Qd8 22. Qe3 Nd7 23. g5 Kf8 24. f6 gxf6 25. gxf6 Nxf6 26. Rb7 Ng8 27. Qf4 Qf6 28.
Qxf6 Nxf6 29. Rxb6 Rc8 30. Nxb5 cxb5 31. Rxf6 Rc2 32. Rd6 Ke8 1/2-1/2

[Event "4NCL Div 1b 2018-19"]
[Site "Daventry ENG"]
[Date "2018.11.10"]
[Round "1.6"]
[Board "4"]
[White "Arkell, Keith C"]
[Black "Milliet, Sophie"]
[Result "1/2-1/2"]
[WhiteTitle "GM"]
[BlackTitle "IM"]
[WhiteElo "2470"]
[BlackElo "2400"]
[WhiteTeam "Cheddleton"]
[BlackTeam "Guildford"]
[WhiteFideId "400270"]
[BlackFideId "623725"]
[EventDate "2018.11.10"]

1. d4 Nf6 2. Nf3 g6 3. c4 Bg7 4. g3 O-O 5. Bg2 d6 6. Nc3 Nbd7 7. O-O e5 8. e4 c6
9. h3 Qb6 10. Re1 exd4 11. Nxd4 Re8 12. Nc2 Qa5 13. Bd2 Qc7 14. Be3 b6 15. Rc1
Bb7 16. Qd2 Rad8 17. Rcd1 Ne5 18. b3 Qc8 19. Bh6 d5 20. Bxg7 Kxg7 21. f4 Nf3+
22. Bxf3 dxe4 23. Bg4 Rxd2 24. Bxc8 Rxc2 25. Bxb7 Rxc3 26. Bxc6 Re7 27. Kf2 Rf3+
28. Kg2 Nh5 29. Rxe4 Rxg3+ 30. Kf2 Rxe4 31. Bxe4 Rxh3 32. Bf3 Rh2+ 33. Ke3 Rxa2
34. Bxh5 gxh5 35. b4 Rb2 36. b5 Ra2 37. Rd5 h4 38. Rh5 h3 39. Ke4 h2 40. Rh3 Kg6
41. Rh4 h5 42. Rh3 f6 43. Rg3+ Kh6 44. Rh3 Rc2 45. Kd3 Rg2 46. Ke4 Kg6 47. Rh4
Re2+ 48. Kd3 Re7 49. Rxh2 Rh7 50. Rh4 Kf5 51. Ke3 Ke6 52. Ke4 f5+ 53. Kd4 Kd6
54. Kc3 Rh8 55. Kd4 Rh6 56. Kc3 Rh7 57. Kd4 Ke6 58. Ke3 Kf6 59. Kd4 Rd7+ 60. Ke3
Kg6 61. Rh1 Re7+ 62. Kd3 Re4 63. Rh4 Re1 64. Rh2 Re4 65. Rh4 Kf6 66. Kc3 Kg6 67.
Kd3 Re1 68. Rh2 Rd1+ 69. Ke3 Rd7 70. Rg2+ Kf6 71. Rh2 Rh7 72. Rh4 Kg6 73. Kd4
Re7 74. Kd3 Re4 75. Kc3 Kh6 76. Kd3 Kg6 77. Kc3 Re3+ 78. Kd4 Re1 79. Kd3 Rf1 80.
Ke3 Rc1 81. Kd4 Rg1 1/2-1/2

[Event "4NCL Div 1a 2018-19"]
[Site "Daventry ENG"]
[Date "2018.11.11"]
[Round "2.2"]
[Board "5"]
[White "Chow, Samuel"]
[Black "Valdes Escobar, Alvaro"]
[Result "1/2-1/2"]
[WhiteTitle "FM"]
[BlackTitle "IM"]
[WhiteElo "2328"]
[BlackElo "2353"]
[WhiteTeam "White Rose"]
[BlackTeam "Wood Green"]
[WhiteFideId "3202992"]
[BlackFideId "3405451"]
[EventDate "2018.11.10"]

1. d4 Nf6 2. c4 e6 3. g3 Bb4+ 4. Nd2 Nc6 5. Nf3 d6 6. Qc2 O-O 7. a3 Bxd2+ 8.
Bxd2 a5 9. Bg2 a4 10. O-O e5 11. Bc3 Qe7 12. e3 Bd7 13. Rad1 Rfe8 14. Ng5 h6 15.
Ne4 Bf5 16. dxe5 dxe5 17. Nxf6+ Qxf6 18. Qe2 Qg6 19. c5 Bg4 20. f3 Be6 21. Qb5
Bb3 22. Rd7 Rec8 23. Bh3 Rab8 24. e4 Na7 25. Qd3 Nc6 26. Rf2 Rd8 27. Rd2 Qg5 28.
Kf2 Rxd7 29. Bxd7 Rd8 30. Qe3 Qe7 31. Bxc6 1/2-1/2

[Event "4NCL Div 1a 2018-19"]
[Site "Daventry ENG"]
[Date "2018.11.11"]
[Round "2.4"]
[Board "5"]
[White "Mihov, Filip"]
[Black "Moreby, James"]
[Result "1/2-1/2"]
[WhiteElo "2180"]
[BlackElo "2100"]
[WhiteTeam "Oxford"]
[BlackTeam "North East England"]
[WhiteFideId "15003892"]
[BlackFideId "427756"]
[EventDate "2018.11.10"]

1. d4 Nf6 2. c4 e6 3. Nc3 Bb4 4. e3 b6 5. Bd3 Bb7 6. Ne2 Bxg2 7. Rg1 Be4 8. a3
Bxc3+ 9. Nxc3 Bg6 10. e4 d6 11. Bg5 Nbd7 12. f4 e5 13. dxe5 dxe5 14. f5 Bh5 15.
Be2 Bxe2 16. Qxe2 c6 17. O-O-O Qe7 18. Bh4 Rg8 19. Qc2 O-O-O 20. Qa4 Kb7 21. b4
Rc8 22. Rd2 g6 23. c5 gxf5 24. Rgd1 Rc7 25. exf5 Rg4 26. Bxf6 Nxf6 27. cxb6 Kxb6
28. Qa5+ Kb7 29. b5 Rd4 30. Kb1 Qc5 31. bxc6+ Rxc6 32. Rb2+ Kc8 33. Qxc5 Rxc5
34. Rxd4 exd4 35. Nb5 Ne4 36. Nxd4 1/2-1/2

[Event "4NCL Div 1b 2018-19"]
[Site "Daventry ENG"]
[Date "2018.11.11"]
[Round "2.6"]
[Board "2"]
[White "Hunt, Adam C"]
[Black "Roberson, Peter T"]
[Result "1/2-1/2"]
[WhiteTitle "IM"]
[BlackTitle "IM"]
[WhiteElo "2398"]
[BlackElo "2433"]
[WhiteTeam "Blackthorne Russia"]
[BlackTeam "Grantham Sharks"]
[WhiteFideId "403970"]
[BlackFideId "412384"]
[EventDate "2018.11.10"]

1. e4 e6 2. d4 d5 3. Nc3 Bb4 4. e5 c5 5. a3 Ba5 6. b4 cxd4 7. Nb5 Bc7 8. f4 Bd7
9. Nf3 Bxb5 10. Bxb5+ Nc6 11. Nxd4 Ne7 12. O-O O-O 13. Nxc6 bxc6 14. Bd3 a5 15.
Rb1 axb4 16. axb4 g6 17. Bd2 Bb6+ 18. Kh1 c5 19. bxc5 Bxc5 20. Qg4 Nf5 21. Bxf5
exf5 22. Qf3 Qd7 23. Rfd1 Rfb8 24. Rxb8+ Rxb8 25. Be1 d4 26. Bf2 Qc7 27. c3 dxc3
28. Qxc3 Bb6 29. Qxc7 1/2-1/2

[Event "4NCL Div 1b 2018-19"]
[Site "Daventry ENG"]
[Date "2018.11.11"]
[Round "2.6"]
[Board "3"]
[White "Rendle, Thomas E"]
[Black "Bates, Richard A"]
[Result "1/2-1/2"]
[WhiteTitle "IM"]
[BlackTitle "IM"]
[WhiteElo "2376"]
[BlackElo "2348"]
[WhiteTeam "Grantham Sharks"]
[BlackTeam "Blackthorne Russia"]
[WhiteFideId "408760"]
[BlackFideId "403555"]
[EventDate "2018.11.10"]

1. e4 c5 2. Nf3 d6 3. Bb5+ Nd7 4. a4 Nf6 5. Nc3 a6 6. Be2 e6 7. a5 Be7 8. O-O
O-O 9. d3 d5 10. exd5 Nxd5 11. Nxd5 exd5 12. d4 c4 13. b3 cxb3 14. c4 dxc4 15.
Bxc4 b5 16. Bd5 Ra7 17. Bxb3 Bb7 18. d5 Nf6 19. Qd4 Ra8 20. Rd1 Ne8 21. Ne5 Bf6
22. Ra2 Nd6 23. Qf4 Re8 24. Ng4 Bc3 25. Qf3 b4 26. Bf4 Nf5 27. Be3 Nxe3 28. Nxe3 1/2-1/2

[Event "4NCL Div 1b 2018-19"]
[Site "Daventry ENG"]
[Date "2018.11.11"]
[Round "2.6"]
[Board "4"]
[White "Ledger, Andrew J"]
[Black "Daskalov, Dimitar"]
[Result "1/2-1/2"]
[WhiteTitle "IM"]
[WhiteElo "2334"]
[BlackElo "2318"]
[WhiteTeam "Blackthorne Russia"]
[BlackTeam "Grantham Sharks"]
[WhiteFideId "400610"]
[BlackFideId "2902800"]
[EventDate "2018.11.10"]

1. d4 Nf6 2. c4 e5 3. dxe5 Ng4 4. Bf4 Bb4+ 5. Nd2 Qe7 6. Nf3 Nc6 7. e3 Ngxe5 8.
Nxe5 Nxe5 9. Be2 b6 10. O-O Bb7 11. Nb3 O-O-O 12. a3 Bc5 13. Nxc5 Qxc5 14. b4
Qc6 15. f3 f6 16. c5 bxc5 17. Rc1 c4 18. Bxe5 fxe5 19. Rxc4 Qb6 20. Rc3 d5 21.
Rc5 d4 22. Qb3 Kb8 23. Rfc1 Qh6 24. Rxe5 d3 25. Bf1 Rd5 26. Qc3 d2 27. Rd1 Rxe5
28. Qxe5 Rd8 29. Qc3 Qd6 30. Kf2 g5 31. Qd4 Qf8 32. Qc3 Qd6 33. Qd4 Qf8 34. Qc3
Qd6 1/2-1/2

[Event "4NCL Div 1b 2018-19"]
[Site "Daventry ENG"]
[Date "2018.11.11"]
[Round "2.6"]
[Board "8"]
[White "Yurenok, Maria S"]
[Black "Dong, Bao Nghia"]
[Result "0-1"]
[WhiteTitle "WFM"]
[WhiteElo "1988"]
[BlackElo "2227"]
[WhiteTeam "Blackthorne Russia"]
[BlackTeam "Grantham Sharks"]
[WhiteFideId "409359"]
[BlackFideId "12400343"]
[EventDate "2018.11.10"]

1. d4 Nf6 2. Nf3 g6 3. Bg5 Bg7 4. Nbd2 c5 5. Bxf6 Bxf6 6. Ne4 Qb6 7. Nxc5 Qxb2
8. e3 Nc6 9. a3 Qc3+ 10. Nd2 d5 11. Bd3 e5 12. dxe5 Nxe5 13. Bb5+ Kf8 14. Nb3
Nc4 15. Ra2 Bf5 16. O-O Rd8 17. Nb1 Qe5 18. Nd4 Nxe3 19. Nf3 Nxd1 20. Nxe5 Nxf2
21. Nxf7 Nh3+ 22. Kh1 Kxf7 23. gxh3 Be4+ 24. Kg1 Kg7 25. Kf2 a6 26. Bd3 Bd4+ 27.
Ke2 Bg2 28. Rf4 Rhe8+ 29. Kd1 Be3 30. Rb4 Bf3+ 31. Be2 Bxe2+ 32. Kxe2 Bc5+ 33.
Kd3 Bxb4 34. axb4 d4 35. Nd2 Re3+ 0-1

[Event "4NCL Div 1a 2018-19"]
[Site "Daventry, ENG"]
[Date "2019.01.12"]
[Round "3.43"]
[White "Camacho Collados, Jose"]
[Black "Toczek, Grzegorz"]
[Result "1-0"]
[WhiteTitle "IM"]
[BlackTitle "FM"]
[WhiteElo "2400"]
[BlackElo "2249"]
[WhiteTeam "White Rose"]
[BlackTeam "West is Best"]
[WhiteFideId "2265427"]
[BlackFideId "1106457"]
[EventDate "2018.11.10"]

1. g3 c5 2. Bg2 Nc6 3. c4 g6 4. Nc3 Bg7 5. e3 e5 6. Nge2 Nge7 7. a3 O-O 8. Rb1
a5 9. O-O d6 10. d3 Rb8 11. Qb3 Bd7 12. Nb5 Bf5 13. Rd1 Bg4 14. Re1 Bf5 15. Bd2
Qd7 16. Rbd1 Rfd8 17. d4 cxd4 18. exd4 a4 19. Qxa4 exd4 20. Bg5 Bg4 21. f3 Be6
22. Kh1 Ra8 23. Qc2 Rdc8 24. Nexd4 Nxd4 25. Nxd4 Rxc4 26. Qf2 Rac8 27. Nxe6 fxe6
28. Bxe7 Qxe7 29. Bh3 Rc2 30. Rd2 Rc1 31. Re2 Kh8 32. Bxe6 Rxe1+ 33. Qxe1 Rf8
34. Bd5 Qg5 35. Qd2 Qf6 36. Bxb7 Rb8 37. Bd5 Qxb2 38. Qxb2 Bxb2 39. a4 Bc3 40.
Re6 Bb4 41. Kg2 Rc8 42. Be4 Rd8 43. h4 d5 44. Bd3 Kg7 45. Rb6 Bc3 46. Rb7+ Kg8
47. h5 Ra8 48. hxg6 hxg6 49. Bxg6 Rxa4 50. Bf7+ Kf8 51. Bxd5 Be1 52. Rf7+ Ke8
53. Rf5 Ra1 54. Kh3 Bf2 55. Re5+ Kf8 56. Re2 Bd4 57. Kg4 Ra7 58. f4 Ra3 59. Rc2
Ke7 60. Be4 Re3 61. Bf3 Ra3 62. Re2+ Kf8 63. Rd2 Bc5 64. Bc6 Rc3 65. Bd5 Ra3 66.
Rg2 Kg7 67. Kf5 Ra5 68. Rd2 Bd6 69. Rd4 Bc5 70. Rd3 Bd6 71. Ke6 Bc7 72. Bc4 Rc5
73. Rd7+ Kf8 74. Bd5 Rc3 75. Rf7+ Ke8 76. Rg7 Re3+ 77. Kf6 Bd8+ 78. Kf5 Be7 79.
g4 Ra3 80. g5 Ra5 81. Ke5 Ra6 82. Bc4 Ra7 83. Rg8+ Bf8 84. Kf6 Rb7 85. g6 Rb4
86. Rxf8+ 1-0

[Event "4NCL Div 1a 2018-19"]
[Site "Daventry, ENG"]
[Date "2019.01.12"]
[Round "3.47"]
[White "Townsend, M Paul"]
[Black "Jones, Steven A"]
[Result "0-1"]
[WhiteElo "2224"]
[BlackElo "2128"]
[WhiteTeam "White Rose"]
[BlackTeam "West is Best"]
[WhiteFideId "402320"]
[BlackFideId "419630"]
[EventDate "2018.11.10"]

1. Nf3 Nf6 2. c4 c6 3. g3 d5 4. Bg2 e6 5. O-O Bd6 6. d4 Nbd7 7. Nc3 O-O 8. Nd2
Bb4 9. e4 Bxc3 10. bxc3 dxe4 11. Nxe4 Nxe4 12. Bxe4 Qa5 13. Qc2 Nf6 14. Bg2 e5
15. Bg5 exd4 16. Bxf6 d3 17. Qxd3 gxf6 18. Rfe1 Be6 19. Qd4 Kg7 20. Re4 Rfd8 21.
Qe3 Qb6 22. Qf3 Qc5 23. Rae1 Rd2 24. Rf4 Rad8 25. Rxf6 Qxc4 26. Rf4 Qd3 27. Qh5
Rd1 28. Qe5+ Kg8 29. Re4 Rd5 30. Qb8+ Kg7 31. Bf1 Qxe4 32. Rxe4 Bh3 33. Rg4+
Bxg4 34. Kg2 Rxf1 35. h3 Be2 36. Qf4 Rfd1 37. g4 Bf1+ 38. Kg3 R1d3+ 39. f3 Be2
40. c4 Rxf3+ 0-1

[Event "4NCL Div 1b 2018-19"]
[Site "Daventry, ENG"]
[Date "2019.01.12"]
[Round "3.51"]
[White "Zhou, Yang-Fan"]
[Black "Erdos, Viktor"]
[Result "1/2-1/2"]
[WhiteTitle "IM"]
[BlackTitle "GM"]
[WhiteElo "2433"]
[BlackElo "2603"]
[WhiteTeam "Guildford"]
[BlackTeam "Manx Liberty"]
[WhiteFideId "468584"]
[BlackFideId "719978"]
[EventDate "2018.11.10"]

1. e4 e5 2. Nf3 Nc6 3. c3 Nf6 4. d4 exd4 5. e5 Nd5 6. cxd4 Bb4+ 7. Nbd2 d6 8.
Bb5 Ne7 9. O-O dxe5 10. dxe5 O-O 11. h3 a6 12. Ba4 Bf5 13. a3 Bc5 14. Re1 h6 15.
Bc2 Ba7 16. Be4 Bxe4 17. Rxe4 Qd3 18. b4 Nd4 19. Ne1 Qb5 20. Ndf3 Ne6 21. Qc2
Rad8 1/2-1/2

[Event "4NCL Div 1b 2018-19"]
[Site "Daventry, ENG"]
[Date "2019.01.12"]
[Round "3.62"]
[White "Roberson, Peter T"]
[Black "Hawkins, Jonathan"]
[Result "1/2-1/2"]
[WhiteTitle "IM"]
[BlackTitle "GM"]
[WhiteElo "2433"]
[BlackElo "2567"]
[WhiteTeam "Grantham Sharks"]
[BlackTeam "Cheddleton"]
[WhiteFideId "412384"]
[BlackFideId "412686"]
[EventDate "2018.11.10"]

1. e4 e5 2. Nf3 Nf6 3. d4 Nxe4 4. Bd3 d5 5. Nxe5 Nd7 6. Nxf7 Qe7 7. Qe2 Qxf7 8.
f3 Nf6 9. Nd2 Qh5 10. fxe4 Bg4 11. Qe3 dxe4 12. Nxe4 O-O-O 13. O-O Nxe4 14. Bxe4
Bd6 15. g3 Rhe8 16. Bd2 Rd7 17. Rae1 Rde7 18. Qd3 Bh3 19. Rf3 c6 20. Rfe3 Rf8
21. Bg2 Rxe3 22. Qxe3 Bxg2 23. Kxg2 Qd5+ 24. Qe4 Qxa2 25. b3 g6 26. Bc3 Qa6 27.
Qe6+ Kc7 28. Ra1 Qb5 29. Ba5+ b6 30. Bd2 a5 31. Re1 Qd5+ 32. Qxd5 cxd5 33. Rf1
Kc6 34. Rxf8 Bxf8 35. Kf3 Bg7 36. Bc3 Bf6 37. Ke3 Bd8 38. Kd3 b5 39. Bb2 Be7 40.
c3 h5 41. h3 a4 42. bxa4 bxa4 43. c4 a3 44. Ba1 Bb4 45. g4 hxg4 46. hxg4 Ba5 47.
cxd5+ Kxd5 48. Kc2 Kc4 49. d5 Bb4 50. Bf6 Kxd5 51. Kb3 Bc5 52. Bc3 Ke4 53. Bd2
Bd6 54. Bc1 Kf3 55. g5 Be7 56. Ka2 Ke4 57. Kb3 Bd6 58. Ka2 Bf4 59. Bxa3 Bxg5 60.
Kb3 Kd3 61. Bd6 Bf6 62. Bf4 Bd4 63. Bg5 Bc3 64. Be7 Be5 65. Bd8 Ke4 66. Kc4 Kf5
67. Kd3 g5 68. Bxg5 1/2-1/2

[Event "4NCL Div 1a 2018-19"]
[Site "Daventry, ENG"]
[Date "2019.01.13"]
[Round "4.41"]
[White "Rudd, Jack"]
[Black "Mueller, Constantin"]
[Result "1-0"]
[WhiteTitle "IM"]
[WhiteElo "2275"]
[BlackElo "2263"]
[WhiteTeam "West is Best"]
[BlackTeam "North East England"]
[WhiteFideId "405736"]
[BlackFideId "24697630"]
[EventDate "2018.11.10"]

1. d4 Nf6 2. c4 e6 3. Nc3 Bb4 4. e3 b6 5. Ne2 Bb7 6. a3 Be7 7. Nf4 d5 8. cxd5
exd5 9. Bd3 O-O 10. O-O Re8 11. b4 c6 12. Qf3 Na6 13. b5 Nc7 14. a4 Qd7 15. bxc6
Bxc6 16. Ba3 Bd8 17. Rfc1 Ne4 18. Bxe4 dxe4 19. Qd1 Rc8 20. d5 Bb7 21. d6 Na6
22. Nb5 Bf6 23. Rxc8 Rxc8 24. Rc1 Be5 25. Rxc8+ Bxc8 26. Nd5 Bb7 27. Ne7+ Kh8
28. Qb3 Qg4 29. g3 Nb8 30. Nxa7 Nd7 31. Qxf7 Qd1+ 32. Kg2 Qf3+ 33. Qxf3 exf3+
34. Kg1 g6 35. Nac6 Bc3 36. Nd8 Be4 37. Ne6 Bc2 38. Nd5 Ba1 39. Nxb6 Nxb6 40. a5
Nd7 41. Nc5 Nxc5 42. Bxc5 Kg8 43. a6 Kf7 44. d7 Bf6 45. Bb6 Ke6 46. d8=Q Bxd8
47. Bxd8 Be4 48. a7 Bc6 49. Kf1 Kd5 50. Ke1 Kc4 51. Kd2 Be4 52. g4 Ba8 53. h3
Be4 54. Ke1 Kd3 55. Kf1 Ba8 56. Kg1 Ke2 57. Bh4 h6 58. Bf6 Bb7 59. Bg7 h5 60.
Bf6 hxg4 61. hxg4 Ba8 62. Bh4 Bb7 63. Kh2 g5 64. Bxg5 Kxf2 65. Bh4+ Kxe3 66. g5 1-0

[Event "4NCL Div 1b 2018-19"]
[Site "Daventry, ENG"]
[Date "2019.01.13"]
[Round "4.85"]
[White "Ansell, Simon T"]
[Black "Eggleston, David J"]
[Result "1/2-1/2"]
[WhiteTitle "IM"]
[BlackTitle "IM"]
[WhiteElo "2333"]
[BlackElo "2397"]
[WhiteTeam "Blackthorne Russia"]
[BlackTeam "Cheddleton"]
[WhiteFideId "402141"]
[BlackFideId "412120"]
[EventDate "2018.11.10"]

1. e4 c5 2. Nf3 d6 3. Bb5+ Nd7 4. Ba4 Nf6 5. O-O g6 6. d3 Bg7 7. c4 O-O 8. Nc3
Ne5 9. Nxe5 dxe5 10. a3 a5 11. Be3 b6 12. h3 Bd7 13. Bc2 Bc6 14. Rb1 Nd7 15. b4
e6 16. Ba4 Qc7 17. bxc5 Nxc5 18. Bxc5 bxc5 19. Bxc6 Qxc6 20. Rb5 Rfd8 21. Na4
Bf8 22. Qc2 Rd4 23. Rfb1 Rad8 24. R1b3 Qd7 25. Nb2 Ra8 26. Rb7 Qd8 27. Na4 Rc8
28. Ra7 Ra8 29. Rxa8 Qxa8 30. Rb5 Qd8 31. Nb2 f5 32. f3 Bh6 33. Qe2 Bf4 34. Rxc5
Rxe4 35. dxe4 Qd4+ 36. Kf1 Qxc5 37. Qd3 Bh2 38. Ke2 Bg1 39. Qd8+ Kg7 40. Nd3
Qxa3 41. Qc7+ Kh6 42. Qxe5 Qa2+ 43. Kf1 Qxc4 44. Kxg1 Qxd3 45. Qxe6 fxe4 46.
fxe4 a4 47. Qe7 a3 1/2-1/2

[Event "4NCL Div 1a 2018-19"]
[Site "Telford ENG"]
[Date "2019.02.09"]
[Round "5.44"]
[White "Sowray, Peter J"]
[Black "Morrison, Graham SCO"]
[Result "1-0"]
[WhiteTitle "FM"]
[BlackTitle "FM"]
[WhiteElo "2352"]
[BlackElo "2279"]
[WhiteTeam "Barbican 4NCL"]
[BlackTeam "Alba"]
[WhiteFideId "400971"]
[BlackFideId "2400090"]
[EventDate "2018.11.10"]

1. d4 Nf6 2. c4 e6 3. Nc3 Bb4 4. e3 O-O 5. Ne2 Re8 6. a3 Bf8 7. d5 a5 8. Nd4 Na6
9. Bd3 Nc5 10. Bc2 d6 11. b3 Bd7 12. O-O exd5 13. cxd5 c6 14. Bb2 Qb6 15. Qf3
Re5 16. dxc6 bxc6 17. h3 Rae8 18. Rad1 d5 19. Nce2 Nce4 20. Ng3 Nxg3 21. Qxg3
Ne4 22. Qf3 g6 23. Qe2 Bg7 24. Bxe4 Rxe4 25. Qc2 c5 26. Ne2 Bxb2 27. Qxb2 Bc6
28. Rd2 Bb5 29. Nc3 Bxf1 30. Nxd5 Qc6 31. Nf6+ Kf8 32. Kxf1 h5 33. Qc3 Qb5+ 34.
Kg1 R4e6 35. Nxe8 Rxe8 36. Rd5 Rb8 37. Rxc5 1-0

[Event "4NCL Div 1a 2018-19"]
[Site "Telford ENG"]
[Date "2019.02.10"]
[Round "6.26"]
[White "Taylor, Adam C"]
[Black "Taylor, Martin R"]
[Result "1-0"]
[WhiteTitle "FM"]
[BlackTitle "FM"]
[WhiteElo "2393"]
[BlackElo "2335"]
[WhiteTeam "Wood Green"]
[BlackTeam "Barbican 4NCL"]
[WhiteFideId "424668"]
[BlackFideId "407836"]
[EventDate "2018.11.10"]

1. Nf3 d5 2. g3 Nf6 3. Bg2 Bf5 4. O-O e6 5. c4 c6 6. Nc3 Be7 7. Qb3 Qb6 8. d3
Nbd7 9. Be3 Qxb3 10. axb3 a6 11. Nh4 Bg6 12. h3 O-O 13. f4 Ne8 14. Nxg6 hxg6 15.
Bf2 Nc7 16. Na4 Rad8 17. Be1 Rfe8 18. Kh2 dxc4 19. bxc4 e5 20. Ba5 Rc8 21. fxe5
Ne6 22. Nb6 Nxb6 23. Bxb6 Bc5 24. Bxc5 Nxc5 25. d4 Nb3 26. Rad1 c5 27. e3 Re7
28. Bd5 Na5 29. Rf4 cxd4 30. exd4 Nxc4 31. Rxf7 Rxf7 32. Rf1 Rc7 33. Rxf7 Rxf7
34. Bxc4 b5 35. Bxf7+ Kxf7 36. Kg2 a5 37. Kf2 a4 38. Ke2 b4 39. Kd3 a3 40. bxa3
bxa3 41. Kc3 1-0

[Event "4NCL Div 1a 2018-19"]
[Site "Telford ENG"]
[Date "2019.02.10"]
[Round "6.27"]
[White "Jackson, James P"]
[Black "Houska, Jovanka"]
[Result "1/2-1/2"]
[WhiteTitle "FM"]
[BlackTitle "IM"]
[WhiteElo "2388"]
[BlackElo "2424"]
[WhiteTeam "Barbican 4NCL"]
[BlackTeam "Wood Green"]
[WhiteFideId "416860"]
[BlackFideId "405094"]
[EventDate "2018.11.10"]

1. e4 c6 2. d4 d5 3. e5 Bf5 4. h4 h5 5. Bd3 Bxd3 6. Qxd3 Qa5+ 7. Nd2 e6 8. Nf3
Qa6 9. c4 Nh6 10. O-O Nf5 11. b3 Be7 12. g3 Nd7 13. a4 c5 14. Ba3 g6 15. Qb1
cxd4 16. cxd5 Bxa3 17. dxe6 Qxe6 18. Rxa3 O-O 19. Re1 Rfe8 20. b4 Qd5 21. Qe4
Qxe4 22. Nxe4 Rac8 23. a5 Kg7 24. Neg5 Nf8 25. Rb3 Rc2 26. Rd1 Rd8 27. Kf1 Rd5
28. Re1 Rb5 29. Re2 Rc1+ 30. Re1 Rc2 31. Re2 Rc1+ 32. Re1 1/2-1/2

[Event "4NCL Div 1b 2018-19"]
[Site "Telford ENG"]
[Date "2019.02.10"]
[Round "6.73"]
[White "De Verdier, Michael"]
[Black "Suarez Real, Alberto"]
[Result "1/2-1/2"]
[WhiteTitle "FM"]
[BlackTitle "IM"]
[WhiteElo "2297"]
[BlackElo "2461"]
[WhiteTeam "Wood Green"]
[BlackTeam "Guildford"]
[WhiteFideId "1710516"]
[BlackFideId "2218534"]
[EventDate "2018.11.10"]

1. d4 Nf6 2. c4 g6 3. Nc3 Bg7 4. e4 O-O 5. Bd3 d6 6. Nge2 Nc6 7. O-O e5 8. d5
Nd4 9. Nxd4 exd4 10. Nb5 Re8 11. Re1 a6 12. Nxd4 Nxd5 13. cxd5 Bxd4 14. Qc2 Bd7
15. Be3 Bxe3 16. Rxe3 c6 17. Qb3 Rb8 18. dxc6 Bxc6 19. Bc4 Qd7 20. f3 b5 21. Bd5
Bxd5 22. Qxd5 Qa7 23. Re1 Rbc8 24. Qd2 Rc6 25. Qf2 Qc7 26. R3e2 1/2-1/2